Aktuárske modely v dôchodkovom poistení v podmienkach SR dizertačná práca
Guardado en:
| Autor principal: | |
|---|---|
| Autor Corporativo: | |
| Otros Autores: | |
| Formato: | Libro |
| Lenguaje: | eslovaco |
| Publicado: |
Bratislava
2015
|
| Materias: | |
| Etiquetas: |
Sin Etiquetas, Sea el primero en etiquetar este registro!
|
MARC
| LEADER | 00000nbm a2200000 4500 | ||
|---|---|---|---|
| 001 | 0206536 | ||
| 005 | 20230302104848.5 | ||
| 041 | 0 | |a slo | |
| 044 | |a SK | ||
| 245 | 1 | 0 | |a Aktuárske modely v dôchodkovom poistení v podmienkach SR |b dizertačná práca |c Štefan Poláček ; školiteľ: Lea Škrovánková |
| 264 | 1 | |a Bratislava |c 2015 | |
| 300 | |a 110 s. | ||
| 610 | 2 | 0 | |a poistenie dôchodkové |
| 610 | 2 | 0 | |a modely |
| 610 | 2 | 0 | |a aktuári |
| 610 | 2 | 0 | |a procesy Markovove |
| 610 | 2 | 0 | |a Slovensko |
| 100 | 1 | |a Poláček, Štefan, 1984- | |
| 700 | 1 | |a Škrovánková, Lea, 1954- | |
| 710 | 2 | |a Fakulta hospodárskej informatiky EU. Katedra matematiky | |